Legal research : (Record no. 156156)

MARC details
000 -LEADER
fixed length control field 00733nam a2200241 a 4500
008 - FIXED-LENGTH DATA ELEMENTS--GENERAL INFORMATION
fixed length control field
020 ## - INTERNATIONAL STANDARD BOOK NUMBER
International Standard Book Number 1854311719 (pbk. )
049 ## - LOCAL HOLDINGS (OCLC)
Holding library MAIN
090 ## - LOCALLY ASSIGNED LC-TYPE CALL NUMBER (OCLC); LOCAL CALL NUMBER (RLIN)
Classification number (OCLC) (R) ; Classification number, CALL (RLIN) (NR) KD392
003 - CONTROL NUMBER IDENTIFIER
control field
005 - DATE AND TIME OF LATEST TRANSACTION
control field 20250911093305.0
040 ## - CATALOGING SOURCE
Transcribing agency NUST
100 1# - MAIN ENTRY--PERSONAL NAME
Personal name Tunkel, Victor.
245 10 - TITLE STATEMENT
Title Legal research :
Remainder of title law-finding and problem-solving /
Statement of responsibility, etc. Victor Tunkel.
260 ## - PUBLICATION, DISTRIBUTION, ETC.
Place of publication, distribution, etc. London :
Name of publisher, distributor, etc. Blackstone Press Ltd.,
Date of publication, distribution, etc. c1992.
300 ## - PHYSICAL DESCRIPTION
Extent x, 149 p. ;
Dimensions 22 cm.
440 #0 - SERIES STATEMENT/ADDED ENTRY--TITLE
Title Legal practice handbook
504 ## - BIBLIOGRAPHY, ETC. NOTE
Bibliography, etc. note Includes bibliographical references (p. [147]-149).
650 #0 - SUBJECT ADDED ENTRY--TOPICAL TERM
Topical term or geographic name entry element Legal research
Geographic subdivision Great Britain.
700 ## - ADDED ENTRY--PERSONAL NAME
Personal name King,Antony G.
907 ## - LOCAL DATA ELEMENT G, LDG (RLIN)
a .b10142563
b 13-02-06
c 07-12-04
942 ## - ADDED ENTRY ELEMENTS (KOHA)
Koha item type Ordinary Loan Books
Call number prefix KD392
Koha issues (borrowed), all copies 1
Holdings
Date last seen Total Checkouts Total Renewals Full call number Barcode Date last checked out Cost, replacement price Price effective from Koha item type Lost status Source of classification or shelving scheme Damaged status Not for loan Collection Withdrawn status Home library Current library Shelving location Date acquired Cost, normal purchase price
01/06/2026 4 1 KD392 TUN 92004000894 09/11/2025 80.00 01/23/2023 BOOKS   LCC     NFIC   MAIN MAIN GEN 01/23/2023 80.00